00528nam a2200169Ia 4500003000900000008004100009020002200050040001600072080001600088100002200104245010700126260004800233300001600281490003000297650001700327650001400344IN-BaIIA211028s9999 xx 000 0 eng d a978-0-521-19775-5 cIIA Library a523.07bCIR aCirkovic, Milan M 4aThe Astrobiological landscapebphilosophical foundation of the study of cosmic lifecMilan M. Cirkovic aCambridgebCambridge University Pressc2012 aviii, 266p. aCambridge astrobiology; 7 aAstrobiology aCosmology